[Event "Ustron op-B"]
[Site "Ustron"]
[Date "2021.08.14"]
[Round "2"]
[White "Madej, Marek"]
[Black "Szopka, Dariusz"]
[Result "0-1"]
[WhiteElo "1950"]
[BlackElo "2118"]
[PlyCount "150"]
[EventDate "2021.08.13"]
[EventType "swiss"]
[EventRounds "9"]
[EventCountry "POL"]
[SourceTitle "CBM 204 Extra"]
[Source "ChessBase"]
[SourceDate "2021.11.30"]
[SourceVersion "1"]
[SourceVersionDate "2021.11.30"]
[SourceQuality "1"]

1. e4 e6 2. d4 d5 3. Nd2 Nf6 4. e5 Nfd7 5. f4 c5 6. c3 Nc6 7. Ndf3 cxd4 8. cxd4 Bb4+ 9. Bd2 Qa5 10. a3 Bxd2+ 11. Qxd2 Qxd2+ 12. Kxd2 Na5 13. Kc3 Nb6 14. b3 Bd7 15. Rb1 Rc8+ 16. Kd2 Ke7 17. Bd3 Rc7 18. Ne2 Rhc8 19. g4 a6 20. Rhc1 Rxc1 21. Nxc1 h6 22. h4 g6 23. Ne2 Rc7 24. Ng3 Nc8 25. h5 gxh5 26. Nxh5 Na7 27. Nf6 Bb5 28. Bc2 Be2 29. Ng1 Bb5 30. Ng8+ Kf8 31. Nxh6 Kg7 32. g5 Bd7 33. Ne2 Nb5 34. Ra1 Nc6 35. Ng3 Ncxd4 36. Nh5+ Kf8 37. Bd1 Nc3 38. Kd3 Nde2 39. a4 Nxd1 40. Kxe2 Nc3+ 41. Kd3 Ne4 42. Nf6 Nc5+ 43. Ke2 Nxb3 44. Rh1 Bxa4 45. Nhg8 Bb5+ 46. Kf2 Rc2+ 47. Kg3 Nd4 48. Rh8 Nf5+ 49. Kf3 Bc6 50. Nh6+ Ke7 51. Nhg8+ Kd8 52. Nh6+ Kc7 53. Nxf5 exf5 54. Ke3 Kb6 55. Rh7 Kc5 56. Rxf7 Kc4 57. Nxd5 Kxd5 58. Rxf5 Rc3+ 59. Kf2 Ke4 60. Rf6 Rf3+ 61. Ke2 Rxf4 62. e6 Rg4 63. e7 Bb5+ 64. Kd2 Rxg5 65. Rb6 Re5 66. Rxb7 Kd4 67. Rc7 Re2+ 68. Kc1 Bc4 69. Kd1 Re5 70. Kd2 a5 71. Ra7 Re2+ 72. Kd1 Kc3 73. Rxa5 Rxe7 74. Rc5 Ra7 75. Ke1 Rf7 0-1

[Event "Ustron op-B"]
[Site "Ustron"]
[Date "2021.08.14"]
[Round "3"]
[White "Szopka, Dariusz"]
[Black "Dzida, Kamil"]
[Result "1-0"]
[WhiteElo "2118"]
[BlackElo "2189"]
[PlyCount "95"]
[EventDate "2021.08.13"]
[EventType "swiss"]
[EventRounds "9"]
[EventCountry "POL"]
[SourceTitle "CBM 204 Extra"]
[Source "ChessBase"]
[SourceDate "2021.11.30"]
[SourceVersion "1"]
[SourceVersionDate "2021.11.30"]
[SourceQuality "1"]

1. e4 c5 2. Nf3 d6 3. d4 cxd4 4. Nxd4 Nf6 5. Nc3 a6 6. Bg5 e6 7. f4 Be7 8. Qf3 Qc7 9. 0-0-0 Nbd7 10. Kb1 b5 11. Bd3 b4 12. Nce2 Bb7 13. g4 0-0 14. h4 Nc5 15. Bxf6 Bxf6 16. g5 Bxd4 17. Nxd4 a5 18. Rhe1 a4 19. f5 b3 20. cxb3 axb3 21. a3 Qb6 22. f6 Ra4 23. fxg7 Rc8 24. Rf1 Rc7 25. Qf6 Rd7 26. Rfe1 Qa5 27. Nxb3 Qxe1 28. Rxe1 Nxd3 29. Re3 Bxe4 30. Rxe4 Rxe4 31. h5 Rb7 32. Qd8+ Kxg7 33. h6+ Kg6 34. Qf6+ Kh5 35. Qf3+ Kxg5 36. Qxe4 Rxb3 37. Qxh7 Ne5 38. Qg7+ Ng6 39. h7 Rh3 40. a4 f5 41. a5 f4 42. a6 f3 43. Qf7 Nf4 44. Qe7+ Kf5 45. Qf8+ Ke4 46. h8Q Rxh8 47. Qxh8 Nd5 48. a7 1-0

[Event "Ustron op-B"]
[Site "Ustron"]
[Date "2021.08.13"]
[Round "1"]
[White "Szopka, Dariusz"]
[Black "Kroliczek, Gabriela"]
[Result "1-0"]
[WhiteElo "2118"]
[BlackElo "1993"]
[PlyCount "91"]
[EventDate "2021.08.13"]
[EventType "swiss"]
[EventRounds "9"]
[EventCountry "POL"]
[SourceTitle "CBM 204 Extra"]
[Source "ChessBase"]
[SourceDate "2021.11.30"]
[SourceVersion "1"]
[SourceVersionDate "2021.11.30"]
[SourceQuality "1"]

1. e4 e6 2. d4 d5 3. Nc3 Nf6 4. e5 Nfd7 5. Nce2 c5 6. c3 Nc6 7. f4 Be7 8. Nf3 0-0 9. g3 b5 10. Bh3 Qb6 11. 0-0 b4 12. Kh1 g6 13. f5 exf5 14. Nf4 cxd4 15. Nxd5 Qa5 16. Nxe7+ Nxe7 17. cxd4 Bb7 18. Bg2 Rfe8 19. Qd2 Qb5 20. Qh6 f6 21. Bf4 Nc6 22. exf6 Nxf6 23. Qh4 Nh5 24. Rae1 Rad8 25. Bg5 Rc8 26. g4 fxg4 27. Qxg4 Ng7 28. Bf6 Qf5 29. Qxf5 Nxf5 30. d5 Nb8 31. Ne5 Rc2 32. Be4 Rd2 33. Nc4 Rxd5 34. Kg1 Rc5 35. Bxb7 Rxe1 36. Rxe1 Kf7 37. Bg5 Kg7 38. b3 Nd7 39. Bf4 Nf6 40. Be5 a5 41. Bb2 a4 42. Re6 a3 43. Ba1 Kf7 44. Rxf6+ Ke7 45. Be4 Ne3 46. Nxe3 1-0

[Event "Tarnowskie Gory Piasta Memorial 8th"]
[Site "Tarnowskie Gory"]
[Date "2010.08.05"]
[Round "8"]
[White "Szopka, Dariusz"]
[Black "Gola, Karol"]
[Result "0-1"]
[WhiteElo "2212"]
[BlackElo "2212"]
[PlyCount "100"]
[EventDate "2010.07.31"]
[EventType "swiss"]
[EventRounds "10"]
[EventCountry "POL"]
[SourceTitle "EXT 2011"]
[Source "ChessBase"]
[SourceDate "2010.11.26"]
[SourceVersion "1"]
[SourceVersionDate "2010.11.26"]
[SourceQuality "1"]

1. e4 c5 2. Nf3 e6 3. d4 cxd4 4. Nxd4 a6 5. g3 Nf6 6. Bg2 Qc7 7. 0-0 Nc6 8. Nc3 Bc5 9. Nb3 Be7 10. Re1 d6 11. a4 b6 12. f4 Bb7 13. Qe2 0-0 14. Be3 Rac8 15. h3 Nd7 16. Rad1 Rfd8 17. Rd2 Nc5 18. Nd4 Nd7 19. Nxc6 Qxc6 20. Red1 Nc5 21. Qg4 Nxa4 22. Nxa4 Qxa4 23. Bxb6 Re8 24. Bd4 e5 25. fxe5 dxe5 26. Bc3 Bb4 27. Bxb4 Qxb4 28. c3 Qb6+ 29. Kh2 Rcd8 30. Qh5 Rxd2 31. Rxd2 Bc6 32. Qd1 a5 33. h4 g6 34. Rd6 Qc7 35. h5 Kg7 36. Qd2 h6 37. c4 Re7 38. c5 Rd7 39. hxg6 fxg6 40. Bh3 Re7 41. Bf5 Be8 42. c6 gxf5 43. Qxh6+ Kg8 44. Rf6 Rg7 45. Qc1 f4 46. Qc4+ Bf7 47. Qa6 Qd8 48. Rd6 Qxd6 49. Qc8+ Kh7 50. Qf5+ Qg6 0-1

[Event "Tarnowskie Gory Piasta Memorial 8th"]
[Site "Tarnowskie Gory"]
[Date "2010.08.01"]
[Round "3"]
[White "Bes, Michal"]
[Black "Szopka, Dariusz"]
[Result "0-1"]
[WhiteElo "1946"]
[BlackElo "2212"]
[PlyCount "70"]
[EventDate "2010.07.31"]
[EventType "swiss"]
[EventRounds "10"]
[EventCountry "POL"]
[SourceTitle "EXT 2011"]
[Source "ChessBase"]
[SourceDate "2010.11.26"]
[SourceVersion "1"]
[SourceVersionDate "2010.11.26"]
[SourceQuality "1"]

1. e4 c5 2. Nf3 d6 3. Bb5+ Bd7 4. Bxd7+ Nxd7 5. c4 Ngf6 6. Nc3 g6 7. d4 cxd4 8. Nxd4 Bg7 9. 0-0 0-0 10. Be3 a6 11. Rc1 Rc8 12. b3 Nc5 13. f3 Nh5 14. g4 Nf6 15. Qd2 Re8 16. Kh1 Nfd7 17. Bh6 Ne5 18. Nf5 gxf5 19. gxf5 Bxh6 20. Qxh6 Kh8 21. Rg1 Rg8 22. Nd5 Ncd3 23. Rxg8+ Qxg8 24. Rc2 Qg7 25. Qxg7+ Kxg7 26. Nxe7 Re8 27. Rg2+ Kh8 28. f6 Nxf3 29. Rg3 Nfe5 30. Nf5 Nf2+ 31. Kg2 Nxe4 32. Re3 Ng4 33. Rd3 Ngxf6 34. Nxd6 Nxd6 35. Rxd6 Kg7 0-1

[Event "Wroclaw Polonia op 3rd"]
[Site "Wroclaw"]
[Date "2008.06.22"]
[Round "2"]
[White "Dubinski, Mateusz"]
[Black "Szopka, Dariusz"]
[Result "1/2-1/2"]
[WhiteElo "2110"]
[BlackElo "2212"]
[PlyCount "32"]
[EventDate "2008.06.21"]
[EventType "swiss"]
[EventRounds "9"]
[EventCountry "POL"]
[SourceTitle "CBM 125 Extra"]
[Source "ChessBase"]
[SourceDate "2008.09.01"]
[SourceVersion "1"]
[SourceVersionDate "2008.09.01"]
[SourceQuality "1"]

1. e4 g6 2. d4 Bg7 3. Nc3 d6 4. f4 Nf6 5. Nf3 0-0 6. Bd3 c5 7. dxc5 dxc5 8. 0-0 Nc6 9. e5 Nd5 10. Nxd5 Qxd5 11. Qe2 Bf5 12. Rd1 Bxd3 13. Rxd3 Qc4 14. b3 Qa6 15. Be3 b6 16. c4 Rad8 1/2-1/2

[Event "POL-chT3 Liga Slaska"]
[Site "Poland"]
[Date "2007.02.11"]
[Round "3"]
[White "Szopka, Dariusz"]
[Black "Masternak, Aleksander"]
[Result "0-1"]
[WhiteElo "2212"]
[BlackElo "2253"]
[PlyCount "84"]
[EventDate "2007.01.28"]
[EventType "team-swiss"]
[EventRounds "9"]
[EventCountry "POL"]
[SourceTitle "EXT 2011"]
[Source "ChessBase"]
[SourceDate "2010.11.26"]
[SourceVersion "1"]
[SourceVersionDate "2010.11.26"]
[SourceQuality "1"]
[WhiteTeam "Lubliniec LKS Sparta"]
[BlackTeam "Dabrowa Gornicza Zaglebie"]
[WhiteTeamCountry "POL"]
[BlackTeamCountry "POL"]

1. e4 e5 2. Nf3 Nc6 3. Bb5 a6 4. Ba4 Nge7 5. 0-0 g6 6. c3 Bg7 7. d4 exd4 8. cxd4 b5 9. Bb3 0-0 10. Nc3 Na5 11. Bg5 h6 12. Bh4 Nxb3 13. axb3 Bb7 14. Re1 g5 15. Bg3 d6 16. d5 b4 17. Ne2 f5 18. Nfd4 f4 19. Ne6 fxg3 20. Nxg3 Qd7 21. Qd2 c5 22. Nh5 Be5 23. g3 Qe8 24. Nxf8 Qxh5 25. Ne6 Bc8 26. f4 gxf4 27. Nxf4 Qg5 28. Rf1 Bd7 29. Kh1 Rf8 30. Rf2 Bd4 31. h4 Qe5 32. Re1 Bxf2 33. Qxf2 Kh7 34. Qe3 Ng6 35. Nd3 Qh5 36. e5 Nxe5 37. Nxe5 dxe5 38. Qxe5 Qxe5 39. Rxe5 Re8 40. Rxe8 Bxe8 41. Kg2 Kg6 42. Kf3 Kf5 0-1

[Event "Wroclaw-ch 54th"]
[Site "Wroclaw"]
[Date "2006.08.03"]
[Round "5"]
[White "Szopka, Dariusz"]
[Black "Stachowiak, Kamil"]
[Result "1-0"]
[WhiteElo "2219"]
[BlackElo "2295"]
[PlyCount "63"]
[EventDate "2006.07.31"]
[EventType "swiss"]
[EventRounds "9"]
[EventCountry "POL"]
[SourceTitle "CBM 113 Extra"]
[Source "ChessBase"]
[SourceDate "2006.09.14"]
[SourceVersion "1"]
[SourceVersionDate "2006.09.14"]
[SourceQuality "1"]

1. e4 c5 2. Nf3 e6 3. d4 cxd4 4. Nxd4 a6 5. Nc3 b5 6. a3 Bb7 7. Bd3 d6 8. 0-0 Nf6 9. Be3 Be7 10. f4 Nbd7 11. Qe2 Qc7 12. Kh1 0-0 13. Bg1 Nc5 14. Rae1 Rad8 15. Qe3 d5 16. e5 Nfe4 17. Bxe4 Nxe4 18. Nxe4 dxe4 19. Qg3 Bd5 20. f5 Kh8 21. Be3 Rg8 22. fxe6 Bxe6 23. c3 Bc4 24. Rf5 g6 25. Rf2 Rc8 26. Bg5 Bd5 27. Ref1 Rge8 28. Rxf7 Bxf7 29. Rxf7 Qc4 30. e6 Qd5 31. Qh4 h5 32. Bxe7 1-0

[Event "Wroclaw-ch 54th"]
[Site "Wroclaw"]
[Date "2006.08.02"]
[Round "4"]
[White "Dobrowolski, Aleksander"]
[Black "Szopka, Dariusz"]
[Result "0-1"]
[WhiteElo "2280"]
[BlackElo "2219"]
[PlyCount "101"]
[EventDate "2006.07.31"]
[EventType "swiss"]
[EventRounds "9"]
[EventCountry "POL"]
[SourceTitle "CBM 113 Extra"]
[Source "ChessBase"]
[SourceDate "2006.09.14"]
[SourceVersion "1"]
[SourceVersionDate "2006.09.14"]
[SourceQuality "1"]

1. e4 g6 2. d4 Bg7 3. Nc3 d6 4. f4 Nf6 5. Nf3 0-0 6. Bd3 c5 7. dxc5 dxc5 8. e5 Nd5 9. Nxd5 Qxd5 10. Qe2 Bf5 11. Bxf5 gxf5 12. 0-0 Na6 13. Rd1 Qc6 14. Be3 Rad8 15. Bf2 Nc7 16. Qc4 Ne6 17. Nh4 b5 18. Nxf5 Qb7 19. Qf1 Nxf4 20. Bxc5 Bxe5 21. g3 Rxd1 22. Rxd1 Ng6 23. Qe2 Bf6 24. Qg4 Qc7 25. b4 Kh8 26. Re1 Rd8 27. Qe4 e6 28. Nh6 Bg7 29. Qe3 Ne5 30. Rf1 f5 31. Qg5 Qd7 32. c3 Re8 33. Bd4 Ng6 34. Bxg7+ Kxg7 35. h4 Qe7 36. Rd1 Qxg5 37. hxg5 Ne5 38. Kg2 Kg6 39. Re1 Nc4 40. Kf2 Kxg5 41. Nf7+ Kf6 42. Nh6 Kg6 43. Rh1 Rd8 44. g4 Rd2+ 45. Kg3 Rd3+ 46. Kf2 f4 47. Ng8 Kf7 48. Nh6+ Kg7 49. g5 Rg3 50. Rd1 Rxg5 51. Rd7+ 0-1

[Event "Wroclaw-ch 54th"]
[Site "Wroclaw"]
[Date "2006.08.01"]
[Round "3"]
[White "Szopka, Dariusz"]
[Black "Pankiewicz, Tomasz"]
[Result "1/2-1/2"]
[WhiteElo "2219"]
[BlackElo "2214"]
[PlyCount "108"]
[EventDate "2006.07.31"]
[EventType "swiss"]
[EventRounds "9"]
[EventCountry "POL"]
[SourceTitle "CBM 113 Extra"]
[Source "ChessBase"]
[SourceDate "2006.09.14"]
[SourceVersion "1"]
[SourceVersionDate "2006.09.14"]
[SourceQuality "1"]

1. e4 e5 2. Nf3 Nc6 3. d4 exd4 4. Bc4 Bc5 5. 0-0 d6 6. h3 Nf6 7. Re1 0-0 8. Bg5 h6 9. Bh4 Ne5 10. Bb3 Ng6 11. Bg3 Re8 12. Nbd2 Nh5 13. Nf1 Qf6 14. e5 Qd8 15. exd6 cxd6 16. Rxe8+ Qxe8 17. Nxd4 Nxg3 18. Nxg3 Bd7 19. c3 Ne5 20. Ndf5 Qf8 21. Bd5 g6 22. Nd4 Bc6 23. Bxc6 bxc6 24. Ne4 Qe7 25. Nxc5 dxc5 26. Nf3 Rb8 27. Nxe5 Qxe5 28. Qd2 Kg7 29. b3 Qd5 30. Qe3 Rd8 31. Re1 a5 32. c4 Qd4 33. Qe5+ Kg8 34. g3 h5 35. Re4 Qd1+ 36. Kg2 Qb1 37. Rf4 Qxa2 38. Qxc5 Qxb3 39. Qxa5 Qd3 40. Qc7 Qd7 41. Qxd7 Rxd7 42. Rf6 Rc7 43. c5 Kf8 44. Kf3 Kg7 45. Rd6 Rc8 46. Kf4 Rc7 47. Kg5 Rc8 48. f4 Rf8 49. Rxc6 f6+ 50. Kh4 Ra8 51. g4 hxg4 52. Kxg4 Ra3 53. Rd6 f5+ 54. Kh4 Kh6 1/2-1/2

[Event "Wroclaw Polonia op-A"]
[Site "Wroclaw"]
[Date "2005.06.29"]
[Round "4"]
[White "Walentukiewicz, Michal"]
[Black "Szopka, Dariusz"]
[Result "0-1"]
[WhiteElo "2058"]
[BlackElo "2201"]
[PlyCount "114"]
[EventDate "2005.06.??"]
[EventType "swiss"]
[EventRounds "9"]
[EventCountry "POL"]
[SourceTitle "EXT 2006"]
[Source "ChessBase"]
[SourceDate "2005.11.24"]
[SourceVersion "1"]
[SourceVersionDate "2005.11.24"]
[SourceQuality "1"]

1. e4 g6 2. Nc3 Bg7 3. g3 e5 4. Bg2 d6 5. Nge2 Nc6 6. 0-0 Nge7 7. d3 0-0 8. Be3 Nd4 9. Qd2 c5 10. Nd1 f5 11. Nc1 f4 12. gxf4 exf4 13. Bxf4 Nxc2 14. Qxc2 Rxf4 15. Ne2 Rf8 16. f4 Nc6 17. Ndc3 Kh8 18. Qd2 Bg4 19. h3 Bd7 20. Kh2 Qh4 21. Qe1 Qh6 22. Qg3 Rad8 23. a3 a6 24. Bf3 Ne5 25. Bg2 b5 26. Nd5 Be6 27. Nc7 Bc8 28. Rad1 Qh5 29. Rd2 g5 30. Kg1 gxf4 31. Nxf4 Qh6 32. Ncd5 Nc6 33. Kh1 Bd4 34. b4 Rg8 35. Qe1 Rg7 36. bxc5 dxc5 37. Re2 Ne5 38. Ne3 Rf8 39. Ned5 Rfg8 40. Ne3 Rg5 41. Nf5 Bxf5 42. exf5 Rxf5 43. Re4 Rxf4 44. Rexf4 Nxd3 45. Qe4 Nxf4 46. Rxf4 Qg5 47. Qf3 a5 48. Rf8 b4 49. axb4 axb4 50. Rxg8+ Qxg8 51. Qd5 Qxd5 52. Bxd5 Kg7 53. Kg2 Kf6 54. Kf3 Ke5 55. Ba2 Bg1 56. Ke2 Kd4 57. Bb1 h6 0-1

[Event "Wroclaw-ch"]
[Site "Wroclaw"]
[Date "2004.??.??"]
[Round "2"]
[White "Kazakov, Mikhail"]
[Black "Szopka, Dariusz"]
[Result "1-0"]
[WhiteElo "2445"]
[BlackElo "2190"]
[PlyCount "136"]
[EventDate "2004.??.??"]
[EventType "swiss"]
[EventRounds "9"]
[EventCountry "POL"]
[SourceTitle "EXT 2007"]
[Source "ChessBase"]
[SourceDate "2006.11.23"]
[SourceVersion "1"]
[SourceVersionDate "2006.11.23"]
[SourceQuality "1"]

1. e4 g6 2. d4 Bg7 3. Nc3 d6 4. Be3 Nd7 5. f4 c6 6. Nf3 Ngf6 7. e5 Ng4 8. Bg1 0-0 9. Qd2 Nh6 10. 0-0-0 b5 11. h3 Nb6 12. g4 a5 13. f5 b4 14. Nb1 Nxf5 15. gxf5 Bxf5 16. h4 h5 17. Be3 a4 18. Bh6 b3 19. cxb3 axb3 20. a3 Nd5 21. Bxg7 Kxg7 22. Bd3 Bg4 23. Rdf1 Qb6 24. Be4 Ra4 25. Nc3 Rc4 26. Bd3 Rxc3+ 27. bxc3 Qa5 28. Qb2 Nxc3 29. Ng5 dxe5 30. dxe5 Qc5 31. Kd2 Nd5 32. Qxb3 Qe3+ 33. Kc2 Qd4 34. Kc1 Kg8 35. Bxg6 Nf4 36. Bxf7+ Kh8 37. Bc4 Qa1+ 38. Qb1 Qxa3+ 39. Qb2 Qe3+ 40. Kb1 Bf5+ 41. Ka1 Ra8+ 42. Ba2 Nd3 43. Rf3 Qxf3 44. Nxf3 Nxb2 45. Kxb2 Be4 46. Rf1 Ra5 47. Ng5 Bg6 48. Rf8+ Kg7 49. Rg8+ Kh6 50. Bf7 Bxf7 51. Nxf7+ Kh7 52. Rg5 Ra4 53. Nd8 Rxh4 54. Nxc6 e6 55. Nd8 Kh6 56. Nf7+ Kh7 57. Kc3 Rf4 58. Nd8 Kh6 59. Nxe6 Rf7 60. Rg1 Re7 61. Ng5 Kg6 62. Nf3+ Kf5 63. Nd4+ Ke4 64. Re1+ Kd5 65. e6 h4 66. Rh1 Rh7 67. Rh3 Ke4 68. Nf3 Rc7+ 1-0

[Event "Wroclaw-ch"]
[Site "Wroclaw"]
[Date "2004.??.??"]
[Round "3"]
[White "Szopka, Dariusz"]
[Black "Belostozkaja, Julia"]
[Result "0-1"]
[WhiteElo "2190"]
[BlackElo "2030"]
[PlyCount "100"]
[EventDate "2004.??.??"]
[EventType "swiss"]
[EventRounds "9"]
[EventCountry "POL"]
[SourceTitle "EXT 2007"]
[Source "ChessBase"]
[SourceDate "2006.11.23"]
[SourceVersion "1"]
[SourceVersionDate "2006.11.23"]
[SourceQuality "1"]

1. e4 e5 2. Nf3 Nc6 3. d4 exd4 4. Nxd4 Nf6 5. Nc3 Bb4 6. Nxc6 bxc6 7. Bd3 d5 8. exd5 Nxd5 9. 0-0 0-0 10. Ne4 Bf5 11. Ng5 Qf6 12. Qf3 Ne7 13. Bxf5 Qxf5 14. Qxf5 Nxf5 15. Nf3 Rfe8 16. g4 Nd6 17. Bf4 Re4 18. Bxd6 cxd6 19. h3 Rae8 20. Rad1 Bc5 21. c3 a5 22. b3 Re2 23. a3 Bxa3 24. Nd4 Rb2 25. Rfe1 Kf8 26. Rxe8+ Kxe8 27. Re1+ Kd7 28. c4 Bc5 29. Re4 Bxd4 30. Rxd4 Rxb3 31. Rf4 f6 32. g5 Ke6 33. gxf6 gxf6 34. Re4+ Kf5 35. Rh4 Rc3 36. Rxh7 a4 37. Rd7 Ke6 38. Ra7 Rxc4 39. Kg2 Kf5 40. Kg3 d5 41. h4 d4 42. Kf3 Rc3+ 43. Ke2 a3 44. Rg7 Rh3 45. Rc7 Rh1 46. Ra7 Ra1 47. Kf3 a2 48. Ra5+ Kg6 49. Ke2 d3+ 50. Kd2 Rf1 0-1

[Event "Wroclaw-ch"]
[Site "Wroclaw"]
[Date "2004.??.??"]
[Round "5"]
[White "Szopka, Dariusz"]
[Black "Butkiewicz, Lukasz"]
[Result "1-0"]
[WhiteElo "2190"]
[BlackElo "2150"]
[PlyCount "75"]
[EventDate "2004.??.??"]
[EventType "swiss"]
[EventRounds "9"]
[EventCountry "POL"]
[SourceTitle "EXT 2007"]
[Source "ChessBase"]
[SourceDate "2006.11.23"]
[SourceVersion "1"]
[SourceVersionDate "2006.11.23"]
[SourceQuality "1"]

1. e4 c5 2. Nf3 d6 3. d4 cxd4 4. Nxd4 Nf6 5. Nc3 a6 6. Bg5 e6 7. f4 Be7 8. Qf3 Qc7 9. 0-0-0 Nbd7 10. g4 b5 11. Bxf6 Nxf6 12. g5 Nd7 13. f5 Bxg5+ 14. Kb1 Ne5 15. Qh5 Qd8 16. Nxe6 Bxe6 17. fxe6 g6 18. exf7+ Kxf7 19. Qh3 Rc8 20. Nd5 Kg7 21. Rg1 Rf8 22. Be2 Bh6 23. Rdf1 Rxf1+ 24. Rxf1 Bg5 25. Qe6 Rc5 26. Nb4 Rc7 27. Nxa6 Re7 28. Qd5 Qb6 29. Nb4 Qe3 30. Qxb5 Qxe4 31. Nd5 Rd7 32. a4 Qd4 33. h3 Ra7 34. b3 Bd8 35. Qe8 Nf7 36. Nf4 Re7 37. Qxe7 Qxf4 38. Qe8 1-0

[Event "Wroclaw-ch"]
[Site "Wroclaw"]
[Date "2003.??.??"]
[Round "1"]
[White "Daleczko, Wladyslaw"]
[Black "Szopka, Dariusz"]
[Result "0-1"]
[WhiteElo "1800"]
[BlackElo "2180"]
[PlyCount "66"]
[EventDate "2003.??.??"]
[EventType "swiss"]
[EventRounds "9"]
[EventCountry "POL"]
[SourceTitle "EXT 2007"]
[Source "ChessBase"]
[SourceDate "2006.11.23"]
[SourceVersion "1"]
[SourceVersionDate "2006.11.23"]
[SourceQuality "1"]

1. e4 g6 2. g3 Bg7 3. Bg2 e5 4. d3 Ne7 5. Be3 d5 6. Qd2 h6 7. exd5 Nxd5 8. Nc3 Nxe3 9. fxe3 0-0 10. Nf3 Nc6 11. Ne4 f5 12. Nc3 Be6 13. 0-0 Qd6 14. Rf2 Rad8 15. Raf1 Kh7 16. Kh1 Qb4 17. Nd1 e4 18. c3 Qb6 19. Nd4 Nxd4 20. cxd4 exd3 21. b3 c5 22. d5 Bxd5 23. Bxd5 Rxd5 24. e4 Rdd8 25. exf5 Qc6+ 26. Kg1 Bd4 27. fxg6+ Qxg6 28. Ne3 Rxf2 29. Qxf2 Re8 30. Re1 Re7 31. Qd2 Qe4 32. Kf2 Rf7+ 33. Kg1 Rf3 0-1

[Event "Wroclaw-ch"]
[Site "Wroclaw"]
[Date "2003.??.??"]
[Round "9"]
[White "Kucypera, Anna"]
[Black "Szopka, Dariusz"]
[Result "0-1"]
[WhiteElo "2225"]
[BlackElo "2180"]
[PlyCount "142"]
[EventDate "2003.??.??"]
[EventType "swiss"]
[EventRounds "9"]
[EventCountry "POL"]
[SourceTitle "EXT 2007"]
[Source "ChessBase"]
[SourceDate "2006.11.23"]
[SourceVersion "1"]
[SourceVersionDate "2006.11.23"]
[SourceQuality "1"]

1. e4 g6 2. d4 Bg7 3. Nc3 d6 4. Bc4 Nf6 5. Qe2 e5 6. Nf3 Nc6 7. Bb5 0-0 8. dxe5 Nxe5 9. Nxe5 dxe5 10. a4 Bg4 11. f3 Be6 12. Be3 c6 13. Bc4 Qe7 14. 0-0 Nh5 15. Bxe6 Qxe6 16. g3 f5 17. Bc5 Rf7 18. Rad1 b6 19. Ba3 c5 20. Nb5 Bf8 21. Rd2 Nf6 22. Nc3 Re8 23. Rfd1 h5 24. Nd5 Nh7 25. exf5 Qxf5 26. f4 Re6 27. Qg2 exf4 28. Nxf4 Re3 29. Rd3 Rxd3 30. Rxd3 Nf6 31. Qc6 g5 32. Qe6 Qxe6 33. Nxe6 g4 34. Rd8 Ne4 35. a5 Rf6 36. Nxf8 Rxf8 37. Rd5 Kg7 38. axb6 axb6 39. Rxh5 Kg6 40. Re5 Ng5 41. Kg2 Rd8 42. Re2 Rd1 43. Kf2 Ra1 44. Ke3 Kf5 45. Kd3 Rd1+ 46. Kc4 Nf3 47. c3 Rd6 48. Kb3 Rh6 49. Kc4 Nxh2 50. b4 cxb4 51. cxb4 Nf3 52. b5 Rh1 53. Bd6 Rd1 54. Bf4 Rd4+ 55. Kc3 Rd5 56. Rb2 Nd4 57. Kc4 Ke4 58. Kc3 Nxb5+ 59. Kc4 Rc5+ 60. Kb4 Nc3 61. Bd6 Nd5+ 62. Kb3 Rc6 63. Bb4 Nxb4 64. Kxb4 Kf3 65. Rb3+ Kg2 66. Kb5 Rf6 67. Kc4 Rf3 68. Rxb6 Kxg3 69. Rg6 Re3 70. Kd4 Re8 71. Ra6 Kh3 0-1

[Event "Wroclaw-ch"]
[Site "Wroclaw"]
[Date "2003.??.??"]
[Round "5"]
[White "Swicarz, Maciej"]
[Black "Szopka, Dariusz"]
[Result "0-1"]
[WhiteElo "2305"]
[BlackElo "2180"]
[PlyCount "76"]
[EventDate "2003.??.??"]
[EventType "swiss"]
[EventRounds "9"]
[EventCountry "POL"]
[SourceTitle "EXT 2007"]
[Source "ChessBase"]
[SourceDate "2006.11.23"]
[SourceVersion "1"]
[SourceVersionDate "2006.11.23"]
[SourceQuality "1"]

1. d4 g6 2. e4 Bg7 3. Nc3 d6 4. Be2 c6 5. Be3 b5 6. Qd2 a6 7. f3 Nd7 8. g4 Qc7 9. h4 h6 10. 0-0-0 Bb7 11. f4 0-0-0 12. Bf3 Ngf6 13. Qf2 c5 14. d5 h5 15. gxh5 Nxh5 16. Nge2 Qa5 17. a3 Kb8 18. Rdg1 Rc8 19. Nb1 b4 20. Bg4 Nb6 21. axb4 Qxb4 22. c3 Qxe4 23. Bxc8 Rxc8 24. f5 Bxd5 25. fxg6 fxg6 26. Rh3 Rf8 27. Qe1 Be6 28. Ng3 Nxg3 29. Rhxg3 Bf5 30. Na3 Be5 31. R3g2 Nc4 32. Bd2 Nxd2 33. Rxd2 Bf4 34. Qd1 Bxd2+ 35. Qxd2 Qxh4 36. Re1 Be4 37. Nc4 Rf2 38. Rxe4 Rf1+ 0-1

[Event "POL-ch sf U20"]
[Site "Poraj"]
[Date "2003.??.??"]
[Round "1"]
[White "Szopka, Dariusz"]
[Black "Jedynak, Radoslaw"]
[Result "1-0"]
[WhiteElo "2164"]
[BlackElo "2432"]
[PlyCount "51"]
[EventDate "2003.??.??"]
[EventType "swiss"]
[EventRounds "9"]
[EventCountry "POL"]
[SourceTitle "EXT 2005"]
[Source "ChessBase"]
[SourceDate "2004.11.15"]
[SourceVersion "1"]
[SourceVersionDate "2004.11.15"]
[SourceQuality "1"]

1. e4 e6 2. d4 d5 3. Nc3 Bb4 4. e5 c5 5. a3 Ba5 6. Nf3 Ne7 7. Bd3 Nd7 8. 0-0 cxd4 9. Nb5 Bc7 10. Re1 Nc5 11. Nfxd4 Bd7 12. Bg5 Nxd3 13. Qxd3 h6 14. Bxe7 Kxe7 15. c4 Bxb5 16. Nxb5 Bb8 17. Rad1 a6 18. Nc3 d4 19. Qe4 Qc7 20. Qxd4 Ba7 21. Qg4 Qc5 22. Qg3 Kf8 23. Rd7 Kg8 24. Ne4 Qxc4 25. Rxf7 Rh7 26. Qg6 1-0

[Event "POL-chT 2nd League South"]
[Site "Wisla"]
[Date "1998.??.??"]
[Round "?"]
[White "Drozd, Ryszard"]
[Black "Szopka, Dariusz"]
[Result "1-0"]
[WhiteElo "2215"]
[BlackElo "2215"]
[PlyCount "59"]
[EventDate "1998.11.20"]
[EventType "team-swiss"]
[EventRounds "10"]
[EventCountry "POL"]
[SourceTitle "EXT 2000"]
[Source "ChessBase"]
[SourceDate "1999.11.16"]
[SourceVersion "1"]
[SourceVersionDate "1999.11.16"]
[SourceQuality "1"]

1. d4 Nf6 2. c4 g6 3. Nc3 Bg7 4. e4 d6 5. f3 0-0 6. Be3 e5 7. Nge2 Nc6 8. d5 Ne7 9. g4 c6 10. Qd2 cxd5 11. cxd5 Bd7 12. Ng3 a6 13. h4 b5 14. h5 b4 15. Nd1 Qa5 16. b3 Rfc8 17. Nb2 Bb5 18. Nc4 Bxc4 19. Bxc4 Rc7 20. hxg6 fxg6 21. a3 Rb7 22. Kf2 Nd7 23. Ra2 Bf8 24. Rha1 Nb8 25. Ne2 Nc8 26. Nc1 Qd8 27. axb4 Qh4+ 28. Kg1 Be7 29. Nd3 Bd8 30. g5 1-0